<?xml version="1.0" encoding="UTF-8"?><?xml-stylesheet type="text/xsl" href="static/style.xsl"?><OAI-PMH xmlns="http://www.openarchives.org/OAI/2.0/" xmlns:xsi="http://www.w3.org/2001/XMLSchema-instance" xsi:schemaLocation="http://www.openarchives.org/OAI/2.0/ http://www.openarchives.org/OAI/2.0/OAI-PMH.xsd"><responseDate>2026-06-07T06:20:30Z</responseDate><request verb="GetRecord" identifier="oai:docta.ucm.es:20.500.14352/120201" metadataPrefix="marc">https://docta.ucm.es/rest/oai/request</request><GetRecord><record><header><identifier>oai:docta.ucm.es:20.500.14352/120201</identifier><datestamp>2025-05-20T00:08:06Z</datestamp><setSpec>com_20.500.14352_1</setSpec><setSpec>col_20.500.14352_8</setSpec></header><metadata><record xmlns="http://www.loc.gov/MARC21/slim" xmlns:dcterms="http://purl.org/dc/terms/" xmlns:xsi="http://www.w3.org/2001/XMLSchema-instance" xmlns:doc="http://www.lyncode.com/xoai" xsi:schemaLocation="http://www.loc.gov/MARC21/slim http://www.loc.gov/standards/marcxml/schema/MARC21slim.xsd">
   <leader>00925njm 22002777a 4500</leader>
   <datafield ind2=" " ind1=" " tag="042">
      <subfield code="a">dc</subfield>
   </datafield>
   <datafield ind2=" " ind1=" " tag="720">
      <subfield code="a">González Balsera, Nazaret</subfield>
      <subfield code="e">author</subfield>
   </datafield>
   <datafield ind2=" " ind1=" " tag="260">
      <subfield code="c">2024</subfield>
   </datafield>
   <datafield ind2=" " ind1=" " tag="520">
      <subfield code="a">Este trabajo aborda, mediante una revisión bibliográfica, algunas cuestiones abiertas sobre el origen del sistema solar y la habitabilidad planetaria,  recogiendo las hipótesis más aceptadas en la actualidad. Se proporciona una visión general de los requisitos necesarios para la existencia de vida en un planeta, centrándose principalmente en la existencia de agua líquida. Además, se incluyen modelos cuantitativos que reflejan la relación entre las características intrínsecas y extrínsecas de un planeta y la posible existencia de agua líquida. Se representa la evolución de la temperatura superficial a lo largo del tiempo para la Tierra y para Venus, sirviendo esta representación para discutir la presencia o no de agua líquida en estos planetas en una edad temprana. Por último, se realiza una revisión del conocimiento actual sobre los exoplanetas descubiertos hasta la fecha y su posible habitabilidad.</subfield>
   </datafield>
   <datafield ind1="8" ind2=" " tag="024">
      <subfield code="a">https://hdl.handle.net/20.500.14352/120201</subfield>
   </datafield>
   <datafield ind2="0" ind1="0" tag="245">
      <subfield code="a">Perspectiva física del origen y evolución de la Tierra</subfield>
   </datafield>
   <datafield ind2="0" ind1="0" tag="245">
      <subfield code="a">Physics view on the origin and evolution of the Earth</subfield>
   </datafield>
</record></metadata></record></GetRecord></OAI-PMH>